| 000 | 00632nam a2200193 a 4500 | ||
|---|---|---|---|
| 005 | 20250205063744.0 | ||
| 008 | 991125m19681976mx 000 0 spa u | ||
| 035 | _aUPN01000002695 | ||
| 049 | _aCG | ||
| 050 | 4 |
_aHD38 _bO6.38 |
|
| 100 | 1 | _aOptner, Stanford L. | |
| 245 | 1 | 0 |
_aAnálisis de sistemas para empresas y solución de problemas industriales / _cStanford L. Optner ; tr. Ernesto Costemalle Botello. |
| 260 |
_aMéxico : _bDiana, _c1968 (1976 impr.). |
||
| 300 | _a141 p. | ||
| 650 | 4 |
_aEmpresas _xAdministración _9229 |
|
| 650 | 4 |
_aANALISIS DE SISTEMAS _96265 |
|
| 650 | 4 |
_aAdministración industrial _9500 |
|
| 905 | _aLibro | ||
| 999 |
_c2695 _d2695 |
||